000 00643nam a2200181Ia 4500
003 GCL
008 140319s9999 xx 000 0 ara d
040 _aGCL /
_cGCL
082 0 4 _a415
_bم ا
100 1 _aميشال زكريا
245 1 0 _aالألسنية التوليدية والتحويلية وقواعد اللغة العربية(الجملة البسيطة) /
_cميشال زكريا
260 _a[S.N] :
_bالمؤسسة الجامعية للدراسات والنشر والتوزيع ،
_c1989
300 _a184 ص
490 _a
650 0 4 _aقواعد اللغة
650 0 4 _aاللغة العربية
942 _2ddc
_cBK
999 _c35810
_d35810